00480nam a2200145 u 450000100100000000500170001000800410002704000250006808200150009310000250010824501050013326000420023830000210028050400330030100003616120200930074925.0111221s1955 ve r 000 0 spa d aDO-SdBNPbspacBNPHU axxxxbxxxx1 aRatto Ciarlo, José13aLa utopia del reino de Dios :bel hombre antiguo en busca de un estado ideal /cJosé Ratto Ciarlo. aCaracas :bEdiciones Garrrido,c1955. a416 p. ;c24 cm. aBibliografía : p. 399- 416